Štatistická analýza využívania zdravotnej starostlivosti v Slovenskej republike diplomová práca

Saved in:
Bibliographic Details
Main Author: Repová, Iveta
Corporate Author: Fakulta hospodárskej informatiky EU. Katedra štatistiky
Other Authors: Kotlebová, Eva
Format: Book
Language:Slovak
Published: Bratislava 2018
Tags: Add Tag
No Tags, Be the first to tag this record!

MARC

LEADER 00000nbm a2200000 4500
001 0243546
005 20181010105628.5
041 0 |a slo 
044 |a SK 
245 1 0 |a Štatistická analýza využívania zdravotnej starostlivosti v Slovenskej republike  |b diplomová práca  |c Iveta Repová ; školiteľ: Eva Kotlebová 
264 1 |a Bratislava  |c 2018 
300 |a 62 s. 
100 1 |a Repová, Iveta 
700 1 |a Kotlebová, Eva 
710 2 |a Fakulta hospodárskej informatiky EU. Katedra štatistiky